| 000 | 01043nam a22002057a 4500 | ||
|---|---|---|---|
| 999 |
_c6744 _d6744 |
||
| 003 | AR-CdUCM | ||
| 008 | 190319b ||||| |||| 00| 0 spa d | ||
| 040 |
_aMUNICIPALIDAD PROVINCIAL DEL CUSCO _cBIBLIOTECA MUNICIPAL DEL CUSCO |
||
| 082 |
_a299.936 / _bH85 |
||
| 100 |
_aHubbard, L. Ron _918991 |
||
| 245 |
_aLa ciencia de la supervivencia : _bla predicción del comportamiento humano / |
||
| 260 |
_aLos Angeles, California : _bBridge Publications : R. Hubbard Library , _c2007. |
||
| 300 |
_a729 páginas ; _c24.5 cm. |
||
| 505 | _aContenido : La escala Total -- Evaluacion de Dianética -- Comportamiento y características Fisilógicas -- Ámbito Psiquiátrico -- Ámbito Médico -- Las leyes Básicas de Theta afinidad, realidad ,comunicación -- Emoción -- Afinidad -- Comunicación y Realidad -- Sónico -- Visión -- Somático -- Conversación: al hablar -- Conversación: al escuchar... | ||
| 650 |
_aPsiquiatria _96305 |
||
| 650 |
_aPsicologia Humana _916852 |
||
| 650 |
_aAntropologia _9878 |
||
| 942 |
_2ddc _cLIBROS |
||
| 945 | _artm | ||